Statistics for zoomed in country flags #1

Click here to take the quiz!

General Stats

  • This quiz has been taken 56 times
    (45 since last reset)
  • The average score is 7 of 8

Answer Stats

Answer% Correct
canada
100%
usa
100%
china
100%
UK
96%
brazil
96%
india
93%
albania
89%
fiji
74%

Score Distribution

Percentile by Number Answered

Percent of People with Each Score

Your Score History

You have not taken this quiz since the last reset